书目信息 |
| 题名: |
难熔金属断口分析图谱
|
|
| 作者: | ;冶金工业部钢铁研究院 编 | |
| 分册: | ||
| 出版信息: | 北京 科学出版社 1978 |
|
| 页数: | 46页 | |
| 开本: | 26cm | |
| 丛书名: | ||
| 单 册: | ||
| 中图分类: | TF803.15 | |
| 科图分类: | ||
| 主题词: | 冶金工业 | |
| 电子资源: | ||
| ISBN: | ||
| 000 | 00676nam0 2200217 45 | |
| 001 | 0178000368 | |
| 005 | 20051116091316.50 | |
| 010 | @dCNY1.35 | |
| 091 | @a15031.185 | |
| 100 | @a19950731d1978 em y0chiy0121 ea | |
| 101 | 0 | @achi |
| 102 | @aCN@b110000 | |
| 105 | @aa z 000yy | |
| 200 | 10 | @a难熔金属断口分析图谱@Anan rong jin shu duan kou fen xi tu pu@f冶金工业部钢铁研究院编@Fye jin gong ye bu gang tie yan jiu yuan bian |
| 210 | @a北京@c科学出版社@d1978 | |
| 215 | @a46页@d26cm | |
| 606 | 0 | @a冶金工业 |
| 690 | @aTF803.15@v3 | |
| 711 | 02 | @a冶金工业部钢铁研究院@Aye jin gong ye bu gang tie yan jiu yua@4编 |
| 801 | 0 | @aCN@bTSSF@c20051116 |
| 905 | @a10447@dTF803.15@e1 | |
| 难熔金属断口分析图谱/冶金工业部钢铁研究院编.-北京:科学出版社,1978 |
| 46页;26cm |
| ISBN :CNY1.35 |
| ● |
| 相关链接 |
|
|
|
|
正题名:难熔金属断口分析图谱
索取号:TF803.15/1
 
预约/预借
| 序号 | 登录号 | 条形码 | 馆藏地/架位号 | 状态 | 备注 |
| 1 | 0002587 | 202144599 | 密集书库/ [索取号:TF803.15/1] | 在馆 | |
| 2 | 0002588 | 202144553 | 密集书库/ [索取号:TF803.15/1] | 在馆 |